Kadra Senegalu na mundial 2022 - Statystyki

Ogólne statystyki
  • Ten quiz został rozwiązany 47 razy
    19 od ostatniego zresetowania
  • Średni wynik to 15 z 26
Statystyki odpowiedzi
Pozycja Zawodnik % Poprawnych
Bramkarz Edouard Mendy
92%
Obrońca Formose Mendy
92%
Pomocnik Nampalys Mendy
92%
Obrońca Kalidou Koulibaly
83%
Napastnik Boulaye Dia
75%
Napastnik Ismaila Sarr
75%
Pomocnik Pape Matar Sarr
75%
Pomocnik Cheikhou Kouyate
67%
Pomocnik Idrissa Gueye
67%
Pomocnik Pape Gueye
67%
Napastnik Iliman Ndiaye
58%
Obrońca Moussa N'diaye
58%
Obrońca Pape Abou Cisse
58%
Pomocnik Pathe Ciss
58%
Obrońca Abdou Diallo
50%
Bramkarz Alfred Gomis
50%
Pomocnik Krepin Diatta
50%
Obrońca Youssouf Sabaly
50%
Bramkarz Bamba Dieng
42%
Napastnik Famara Diedhiou
42%
Obrońca Ismail Jakobs
42%
Pomocnik Moustapha Name
42%
Napastnik Nicolas Jackson
42%
Bramkarz Seny Dieng
42%
Obrońca Fode Ballo Toure
33%
Pomocnik Mamdou Loum
33%
Nie znaleziono quizów pasujących do podanych kryteriów
Rozkład punktacji
Procent ludzi z każdym wynikiem
Percentyl według liczby udzielonych odpowiedzi
Twoja historia wyników
Nie rozwiązałeś tego quizu od ostatniego zresetowania